Normal view
MARC view
Entry Topical Term
001 - CONTROL NUMBER
- control field: 19565
003 - CONTROL NUMBER IDENTIFIER
- control field: OSt
005 - DATE AND TIME OF LATEST TRANSACTION
- control field: 20201130153732.0
008 - FIXED-LENGTH DATA ELEMENTS
- fixed length control field: 201130|| aca||aabn | a|a d
040 ## - CATALOGING SOURCE
- Original cataloging agency: OSt
- Transcribing agency: OSt
150 ## - HEADING--TOPICAL TERM
- Topical term or geographic name entry element: Managerial, Brahman, Bengal, Mastery, Pilgrimage, Eighteenth century
670 ## - SOURCE DATA FOUND
- Source citation: Work cat.: (OSt): Curley, David L. 19564, Styles of mastery of a Calcutta Brahman family: Krishnachandra Ghoshal’s pilgrimage to Gaya, Kashi and Prayag, 1769, in Vijayram Sen’s Ti-rthaman.gala
